Advances in Software Engineering International Conference, ASEA 2010, Held as Part of the Future Generation Information Technology Conference, FGIT 2010, Jeju Island, Korea, December 13-15, 2010. Proceedings /

Welcome to the Proceedings of the 2010 International Conference on Advanced Software Engineering and Its Applications (ASEA 2010) – one of the partnering events of the Second International Mega-Conference on Future Generation Information Technology (FGIT 2010). ASEA brings together researchers from...

Full description

Bibliographic Details
Corporate Author: SpringerLink (Online service)
Other Authors: Kim, Tai-hoon (Editor), Kim, Haeng-Kon (Editor), Khan, Muhammad Khurram (Editor), Kiumi, Akingbehin (Editor), Fang, Wai-chi (Editor), Ślęzak, Dominik (Editor)
Format: Electronic eBook
Language:English
Published: Berlin, Heidelberg : Springer Berlin Heidelberg : Imprint: Springer, 2010.
Series:Communications in Computer and Information Science, 117
Subjects:
Online Access:Full Text via HEAL-Link
LEADER 06195nam a22005895i 4500
001 978-3-642-17578-7
003 DE-He213
005 20161207153230.0
007 cr nn 008mamaa
008 101126s2010 gw | s |||| 0|eng d
020 |a 9783642175787  |9 978-3-642-17578-7 
024 7 |a 10.1007/978-3-642-17578-7  |2 doi 
040 |d GrThAP 
050 4 |a QA76.758 
072 7 |a UMZ  |2 bicssc 
072 7 |a COM051230  |2 bisacsh 
082 0 4 |a 005.1  |2 23 
245 1 0 |a Advances in Software Engineering  |h [electronic resource] :  |b International Conference, ASEA 2010, Held as Part of the Future Generation Information Technology Conference, FGIT 2010, Jeju Island, Korea, December 13-15, 2010. Proceedings /  |c edited by Tai-hoon Kim, Haeng-Kon Kim, Muhammad Khurram Khan, Akingbehin Kiumi, Wai-chi Fang, Dominik Ślęzak. 
264 1 |a Berlin, Heidelberg :  |b Springer Berlin Heidelberg :  |b Imprint: Springer,  |c 2010. 
300 |a XI, 340 p. 108 illus.  |b online resource. 
336 |a text  |b txt  |2 rdacontent 
337 |a computer  |b c  |2 rdamedia 
338 |a online resource  |b cr  |2 rdacarrier 
347 |a text file  |b PDF  |2 rda 
490 1 |a Communications in Computer and Information Science,  |x 1865-0929 ;  |v 117 
505 0 |a Effective Web and Desktop Retrieval with Enhanced Semantic Spaces -- Considering Patterns in Class Interactions Prediction -- Design of an Unattended Monitoring System Using Context-Aware Technologies Based on 3 Screen -- Requirements Elicitation Using Paper Prototype -- Quality-Driven Architecture Conformance -- Trends in M2M Application Services Based on a Smart Phone -- Using ERP and WfM Systems for Implementing Business Processes: An Empirical Study -- Mining Design Patterns in Object Oriented Systems by a Model-Driven Approach -- Exploring Empirically the Relationship between Lack of Cohesion and Testability in Object-Oriented Systems -- The Study of Imperfection in Rough Set on the Field of Engineering and Education -- The Software Industry in the Coffee Triangle of Colombia -- Towards Maintainability Prediction for Relational Database-Driven Software Applications: Evidence from Software Practitioners -- Software and Web Process Improvement – Predicting SPI Success for Small and Medium Companies -- Test Prioritization at Different Modeling Levels -- Adoption of Requirements Engineering Practices in Malaysian Software Development Companies -- Minimum Distortion Data Hiding -- Model-Based Higher-Order Mutation Analysis -- ISARE: An Integrated Software Architecture Reuse and Evaluation Framework -- Cognitive Informatics for New Classes of Economic and Financial Information Systems -- An Automated Approach to Testing Polymorphic Features Using Object-Z -- IDMS: A System to Verify Component Interface Completeness and Compatibility for Product Integration -- Software Framework for Flexible User Defined Metaheuristic Hybridization -- Program Visualization for Debugging Deadlocks in Multithreaded Programs -- A Fast PDE Algorithm Using Adaptive Scan and Search for Video Coding -- Evolvability Characterization in the Context of SOA -- Design and Implementation of an Enterprise Internet of Things -- Aggregating Expert-Driven Causal Maps for Web Effort Estimation -- Bug Forecast: A Method for Automatic Bug Prediction -- TCD: A Text-Based UML Class Diagram Notation and Its Model Converters -- SQL-Based Compound Object Comparators: A Case Study of Images Stored in ICE -- Intermediate Structure Reduction Algorithms for Stack Based Query Languages -- Service-Oriented Software Framework for Network Management. 
520 |a Welcome to the Proceedings of the 2010 International Conference on Advanced Software Engineering and Its Applications (ASEA 2010) – one of the partnering events of the Second International Mega-Conference on Future Generation Information Technology (FGIT 2010). ASEA brings together researchers from academia and industry as well as practitioners to share ideas, problems and solutions relating to the multifaceted aspects of software engineering, including its links to computational sciences, mathematics and information technology. In total, 1,630 papers were submitted to FGIT 2010 from 30 countries, which includes 175 papers submitted to ASEA 2010. The submitted papers went through a rigorous reviewing process: 395 of the 1,630 papers were accepted for FGIT 2010, while 40 papers were accepted for ASEA 2010. Of the 640 papers were selected for the special FGIT 2010 volume published by Springer in the LNCS series. 32 papers are published in this volume, and 2 papers were withdrawn due to technical reasons. We would like to acknowledge the great effort of the ASEA 2010 International Advisory Board and members of the International Program Committee, as well as all the organizations and individuals who supported the idea of publishing this volume of proceedings, including SERSC and Springer. Also, the success of the conference would not have been possible without the huge support from our sponsors and the work of the Chairs and Organizing Committee. 
650 0 |a Computer science. 
650 0 |a Computer communication systems. 
650 0 |a Software engineering. 
650 0 |a Computer programming. 
650 0 |a Data mining. 
650 1 4 |a Computer Science. 
650 2 4 |a Software Engineering. 
650 2 4 |a Software Engineering/Programming and Operating Systems. 
650 2 4 |a Computer Communication Networks. 
650 2 4 |a Data Mining and Knowledge Discovery. 
650 2 4 |a Information Systems Applications (incl. Internet). 
650 2 4 |a Programming Techniques. 
700 1 |a Kim, Tai-hoon.  |e editor. 
700 1 |a Kim, Haeng-Kon.  |e editor. 
700 1 |a Khan, Muhammad Khurram.  |e editor. 
700 1 |a Kiumi, Akingbehin.  |e editor. 
700 1 |a Fang, Wai-chi.  |e editor. 
700 1 |a Ślęzak, Dominik.  |e editor. 
710 2 |a SpringerLink (Online service) 
773 0 |t Springer eBooks 
776 0 8 |i Printed edition:  |z 9783642175770 
830 0 |a Communications in Computer and Information Science,  |x 1865-0929 ;  |v 117 
856 4 0 |u http://dx.doi.org/10.1007/978-3-642-17578-7  |z Full Text via HEAL-Link 
912 |a ZDB-2-SCS 
950 |a Computer Science (Springer-11645)